Introducción a la optimización no lineal /
Guardado en:
| Autor Principal: | |
|---|---|
| Formato: | Libro |
| Idioma: | English |
| Publicado: |
[México, D.F. :
Departamento de Matemáticas del Centro de Investigación y de Estudios Avanzados del IPN],
impresión de 1989.
|
| Etiquetas: |
Agregar Etiqueta
Sin Etiquetas, Sea el primero en etiquetar este registro!
|
| LEADER | 00753nam a22001575a 4500 | ||
|---|---|---|---|
| 001 | MAT.inmabb006306 | ||
| 008 | 100326s1989####mx#a#####b####100#0#eng#d | ||
| 005 | 20130404104649.0 | ||
| 245 | 0 | 0 | |a Introducción a la optimización no lineal / |c Dinh The Luc. |
| 260 | |a [México, D.F. : |b Departamento de Matemáticas del Centro de Investigación y de Estudios Avanzados del IPN], |c impresión de 1989. | ||
| 300 | |a ii, 94 p. : |b il. ; |c 22 cm. | ||
| 500 | |a "VI Coloquio del Departamento de Matemáticas, Centro de Investigación y de Estudios Avanzados del IPN, 31 de julio al 18 de agosto de 1989". | ||
| 504 | |a Incluye referencias bibliográficas (p. 93-94). | ||
| 100 | 1 | |a Dinh, The Luc, |d 1952- | |
| 084 | |a 90-01 (90C30) |2 msc2000 | ||
| 859 | |h 90 |i D584 |p A-6932 |b BIB. MATEMATICA | ||
